Prievidza - sídlisko

Zobrazenie: Pohľad na stĺporiadie pred bytovkami vľavo a bytovky, ľudia na chodníku a na ceste vpravo v pozadí

Bibliographic Details
Format: Postcard
Language:Slovak
PhysicalDescription:1 pohľadnica čiernobiela 11 x 15 cm
Published: [Bratislava] SVPL 1959
Subjects:

MARC

LEADER 00000ckm a2200000 a 4500
001 vtls008187946
003 SK-MaSNL
005 20260512130141.0
007 kp bo
008 240131s1959 xo g kuslo
015 |a SNBG1959 
035 |a urn:nbn:sk:snk-km00du69 
035 |a urn:nbn:sk:snk-km3ltvn 
035 |a 9975BE85-29AA-441D-9E3C-0632F88D2AA2 
040 |a SNK  |b slo  |c SNK  |e AACR2 
041 0 |a slo 
043 |a e-xo--- 
044 |a xo  |c SK 
072 7 |a 913  |x Regionálna geografia  |2 konspekt 
080 |a 913(437.6)  |2 2011 
080 |a (084.121)  |2 2011 
080 |a 728  |2 2011 
080 |a 711.73  |2 2011 
245 0 0 |a Prievidza - sídlisko  |h grafika 
260 |a [Bratislava]  |b SVPL  |c 1959 
300 |a 1 pohľadnica  |b čiernobiela  |c 11 x 15 cm 
520 8 |a Zobrazenie: Pohľad na stĺporiadie pred bytovkami vľavo a bytovky, ľudia na chodníku a na ceste vpravo v pozadí 
650 0 7 |a obytné domy  |2 SNKPH  |9 66500 
650 0 7 |a ulice  |2 SNKPH  |9 2938 
651 7 |a Prievidza (Slovensko)  |2 SNKPHgeo  |9 25558 
655 7 |a miestne pohľadnice  |2 SNKPH  |9 70510 
852 |a Slovenská národná knižnica 
958 |a GBN 
958 |a GC 
958 |a OND 
958 |a EUIPO 
999 |c 1163596  |d 1165526 
952 |a SNK  |b SNK  |y PREZ  |7 0  |p 17A0481099  |o snkSP 20226  |3 rekatalogizácia  |0 0  |1 0  |4 0  |d 2005-08-03  |f 1  |l 0  |r 2026-02-24 20:40:47  |w 2026-02-24